Lidský faktor ekonomické dynamiky
Guardado en:
| Autor principal: | |
|---|---|
| Formato: | Libro |
| Lenguaje: | checo |
| Publicado: |
Praha
Academia
1990
|
| Edición: | 1. vyd. |
| Colección: | Studie ČSAV
č. 22 |
| Etiquetas: |
Sin Etiquetas, Sea el primero en etiquetar este registro!
|
MARC
| LEADER | 00000nam a2200000 4500 | ||
|---|---|---|---|
| 001 | c024254 | ||
| 005 | 20221215120138.6 | ||
| 041 | 0 | |a cze | |
| 044 | |a CZ | ||
| 245 | 1 | 0 | |a Lidský faktor ekonomické dynamiky |c Jiří Texler |
| 250 | |a 1. vyd. | ||
| 264 | 1 | |a Praha |b Academia |c 1990 | |
| 300 | |a 110 s. | ||
| 490 | 1 | |a Studie ČSAV |v č. 22 | |
| 830 | 0 | |a Studie ČSAV |v č. 22 | |
| 100 | 1 | |a Texler, Jiří | |